| 000 | 00589nam a22001457a 4500 | ||
|---|---|---|---|
| 999 |
_c134269 _d134269 |
||
| 005 | 20240604115232.0 | ||
| 008 | 240604b ||||| |||| 00| 0 eng d | ||
| 040 | _cPK-LaUMT | ||
| 082 |
_aAPC 297.2735491 _bISR-M |
||
| 100 | _aIsrar Ahmad = اسرار احمد | ||
| 245 |
_aMojoodah alami halat ke tanazar mein Islam aur Pakistan ka mustaqbil = موجودہ عالمی حالات کے تناظر میں اسلام اور پاکستن کا مستقبل / _cby Israr Ahmad = اسرار احمد |
||
| 260 |
_aLahore : _bMaktaba Khuddam ul Quran, _c2018 |
||
| 300 | _a80 p. | ||
| 942 | _cBK | ||